000
00283nam a22001337a 4500
008
180926b xxu||||| |||| 00| 0 eng d
020
_a
9780521401074
041
_a
eng
080
_a
700
100
_a
44
101
_a
ART
245
_a
Spanish Painting
_c
Brown,J
942
_2
udc
_c
BK
999
_c
48486
_d
48486